000 01104mam a22003254a 4500
001 3306484
003 OSt
005 20210806115630.0
008 020703s2002 nyuab bf 001 0 eng
010 _a 2002029370
020 _a0071371605
035 _a(OCoLC)ocm50155485
038 _akhadija
040 _aDLC
_cDLC
042 _apcc
050 0 0 _aTD345
_b.U727 2002
082 0 0 _a363.61
_221
_bURB
245 0 0 _aUrban Water Supply Handbook /
_cLarry W. Mays, editor-in-chief.
260 _aNew York :
_bMcGraw-Hill,
_cc2002.
300 _a1 v. (various pagings) :
_bill., maps ;
_c24 cm.
504 _aIncludes bibliographical references and index.
563 _aHARD COVER
650 0 _aMunicipal water supply
_xManagement
_vHandbooks, manuals, etc.
_981313
650 0 _aWater-supply
_xPlanning
_vHandbooks, manuals, etc.
_981314
700 1 _aMays, Larry W.
_93525
856 4 1 _3Table of contents
_uhttp://www.loc.gov/catdir/toc/mh023/2002029370.html
856 4 2 _3Publisher description
_uhttp://www.loc.gov/catdir/description/mh024/2002029370.html
942 _2ddc
_cBK
999 _c32137
_d32137